[Event "CIA Provinciale PU"]
[Site "?"]
[Date "2022.04.03"]
[Round "4"]
[White "Gattafoni, Alessio"]
[Black "Patrignani, Tiziano"]
[Result "1/2-1/2"]
[WhiteElo "2115"]
[BlackElo "2117"]
[PlyCount "122"]
[EventDate "2022.??.??"]

1. e4 e6 2. d4 d5 3. Nc3 Bb4 4. e5 c5 5. a3 Bxc3+ 6. bxc3 Qa5 7. Bd2 Qa4 8. Rb1
c4 9. Qc1 Nc6 10. Be2 b6 11. h4 Bd7 12. h5 h6 13. Nf3 O-O-O 14. Rh3 Nge7 15.
Kf1 Rdf8 16. g4 Be8 17. Kg2 f6 18. Bf4 Rhg8 19. Bd1 Nd8 20. exf6 gxf6 21. Rg3
Rf7 22. Bxh6 Rh7 23. Bf4 Qd7 24. Be2 Ndc6 25. a4 f5 26. Qa3 fxg4 27. Ng5 Rxh5
28. a5 Kb7 29. axb6 axb6 30. Rxg4 Bg6 31. Qb2 Nc8 32. Nf3 Qh7 33. Rg1 Be4 34.
Rxg8 Qxg8+ 35. Kf1 Qf8 36. Qc1 Rf5 37. Rg4 Rh5 38. Nh4 N8e7 39. Bg3 Nf5 40. Rf4
Rg5 41. Nxf5 Rxf5 42. Rh4 Qg7 43. Bg4 Rf6 44. Qe3 Ne7 45. Be5 Nf5 46. Bxf5 Qg2+
47. Ke2 Rxf5 48. Rf4 Bxc2 49. Rxf5 Bxf5 50. Qg3 Bd3+ 51. Kd2 Qf1 52. Qf3 Qb1
53. Qf7+ Ka6 54. Qe8 Qc2+ 55. Ke3 Qe2+ 56. Kf4 Qxf2+ 57. Kg5 Qf5+ 58. Kh6 Qh7+
59. Kg5 Qf5+ 60. Kh6 Qh7+ 61. Kg5 Qf5+ 1/2-1/2